El arbitraje laboral : (Registro nro. 22167)
[ vista simple ]
| 000 -Cabecera | |
|---|---|
| Campo de control interno | 00826nam a22002537a 4500 |
| 005 - Fecha y hora del registro | |
| control field | 20260407095321.0 |
| 008 - Elementos de Longitud Fija | |
| fixed length control field | 260331b |||||||| |||| 00| 0 spa d |
| 020 ## - ISBN | |
| ISBN | 9786123331719 |
| 041 ## - Idioma | |
| Codigo Idioma | ESP |
| 082 ## - DEWEY y NOTACIÓN INTERNA | |
| Dewey | 348.6 |
| Notación Interna | V31 |
| 100 ## - AUTOR | |
| Autor denominación | Varela Bohórquez, Fernando, |
| 245 ## - TÍTULO DE MATERIAL BIBLIOGRÁFICO | |
| Título | El arbitraje laboral : |
| Título paralelo | perspectiva legal, doctrinaria y jurisprudencial |
| 250 ## - EDICIÓN | |
| Edición | Primera edición |
| 260 ## - CIUDAD, EDITORIAL, AÑO | |
| Ciudad | Lima : |
| Nombre de la Editorial | Gacerta Jurídica, |
| Año | 2026 |
| 300 ## - DESCRIPCIÓN | |
| N° Páginas | 190 páginas : |
| Otros detalles | ; |
| Dimensiones | 25 cm. |
| 440 ## - MENCIÓN DE SERIE | |
| Título de la Serie | ; |
| 650 ## - TEMAS | |
| Temas | Ciencias Sociales |
| 653 ## - DESCRIPTORES | |
| Lenguajes no controlado | Derecho; Derecho del trabajo; Arbitraje laboral |
| 654 ## - PROGRAMAS | |
| Programa | Dpto. de Derecho y Ciencia Política |
| 700 ## - OTROS AUTORES | |
| Otros autores | ; |
| 856 ## - URL - UBICACIÓN | |
| URI/URL: Enlace exacto del recurso | <a href="https://0u214vfty-y-https-app-vlex-com.itmsp.museknowledge.com/search/jurisdiction:PE/Arbitraje+laboral">https://0u214vfty-y-https-app-vlex-com.itmsp.museknowledge.com/search/jurisdiction:PE/Arbitraje+laboral</a> |
| Nota pública: Versión digital | <a href="Véase además: Base de datos Vlex">Véase además: Base de datos Vlex</a> |
| 942 ## - ELEMENTOS DE KOHA | |
| Tipo de documento | Libro |
| Nombre del creador | Justo Noguera |
| Código de catalogador | Mirtha Ponce |
| Suppress in OPAC | No |
| Esquema de clasificación | Dewey Decimal Classification |
| Codigo completo | Registro | Colección | Copia número | Disponibilidad | Tipo de préstamo | Biblioteca Actual | Procedencia (Biblioteca) | Ubicacón | Fecha Ingreso | Tipo de Adquisición | Date last seen | Total checkouts | Price effective from | Tipo de Item | Estado del Material | Fuente de Clasificación | Damaged status | Withdrawn status |
|---|---|---|---|---|---|---|---|---|---|---|---|---|---|---|---|---|---|---|
| 348.6 V31 | 1088252 | Universidad Católica San Pablo | 1 | No disponible | Proceso | Víctor Andrés Belaunde | Víctor Andrés Belaunde | Primer piso | 31/03/2026 | Suscripción | 31/03/2026 | 31/03/2026 | Libro | Bueno | Dewey Decimal Classification | Withdrawn |




